000 00717nam a2200289Ia 4500
005 20260324122736.0
008 008 260324s9999 xx 000 0 eng d
020 _a9780203147184
037 _aEBOOK
040 _aCRL
040 _beng
040 _cCRL
041 _2eng
041 _aeng
084 _qCRL
100 _aFeng Xu
_91167630
245 0 _aLooking for Work in Post-Socialist China
245 0 _bGovernance, Active Job Seekers and the New Chinese Labour Market
260 _bTaylor and Francis
260 _c2012
365 _a
365 _b240
856 _uhttp://www.taylorfrancis.com/books/9780203147184
942 _cEBOOK
999 _c1760600
_d1760600